| 000 | 01384cam a2200361 i 4500 | ||
|---|---|---|---|
| 001 | 22116918 | ||
| 003 | OSt | ||
| 005 | 20231204114414.0 | ||
| 008 | 210707s2021 ii b 001 0 eng | ||
| 010 | _a 2020335419 | ||
| 020 | _a9788194925835 | ||
| 025 | _aI-E-2020335419 | ||
| 037 | _bLibrary of Congress -- New Delhi Overseas Office | ||
| 040 |
_aDLC _beng _erda _cDLC _dDLC |
||
| 042 |
_alcode _apcc |
||
| 043 | _aa-ii--- | ||
| 050 | 0 | 0 |
_aDS463 _b.E435 2021 |
| 082 |
_a320.954 _bELA/I |
||
| 100 | 1 |
_aElam, J. Daniel _eauthor. _99989 |
|
| 245 | 1 | 0 |
_aImpossible and necessary : _banticolonialism, reading, and critique / _cJ. Daniel Elam ; foreword by Prathama Banerjee. |
| 264 | 1 |
_aHyderabad, Telangana, India : _bOrient Blackswan Private Limited, _c2021. |
|
| 300 |
_axviii, 192 pages ; _c24 cm |
||
| 336 |
_atext _btxt _2rdacontent |
||
| 337 |
_aunmediated _bn _2rdamedia |
||
| 338 |
_avolume _bnc _2rdacarrier |
||
| 504 | _aIncludes bibliographical references (pages 169-188) and index. | ||
| 650 | 0 |
_aAnti-imperialist movements _zIndia. |
|
| 650 | 0 |
_aNational liberation movements _zIndia. |
|
| 651 | 0 |
_aIndia _xHistory _yBritish occupation, 1765-1947. |
|
| 906 |
_a7 _bcbc _corigode _d3 _encip _f20 _gy-gencatlg |
||
| 942 |
_2ddc _cBK _h320.954 _iELA/I _k320.954 _mELA/I |
||
| 999 |
_c43878 _d43878 |
||